Statistics for SZA - Conceited (All Lyrics)

Click here to take the quiz!

General Stats

  • This quiz has been taken 6 times
  • The average score is 281 of 336

Answer Stats

Answer% Correct
a
100%
about
100%
be
100%
betting
100%
body
100%
'Bout
100%
do
100%
don't
100%
feel
100%
Feel
100%
guilt
100%
guilty
100%
I
100%
I'm
100%
it
100%
like
100%
like,
100%
me
100%
Me,
100%
me,
100%
need
100%
No
100%
no
100%
nobody,
100%
Oh,
100%
oh
100%
oh,
100%
Ohh
100%
on
100%
when
100%
again
80%
ain't
80%
an
80%
and
80%
can't
80%
'Cause
80%
cool
80%
cool,
80%
could've
80%
depend
80%
did
80%
done,
80%
everything
80%
Feeling
80%
foot
80%
for
80%
friends,
80%
friends
80%
gon'
80%
got
80%
Heard
80%
heard
80%
it's
80%
just
80%
living
80%
Love
80%
make
80%
more
80%
my
80%
neck,
80%
neck
80%
off
80%
opinion,
80%
out
80%
out,
80%
over
80%
place,
80%
reason
80%
salary
80%
slide
80%
take
80%
that
80%
they
80%
to
80%
want
80%
without
80%
you
80%
your
80%
all
60%
All
60%
been
60%
bitch
60%
bridges,
60%
burning
60%
counting
60%
despicable
60%
encore
60%
fucking
60%
her
60%
I'd
60%
in
60%
know
60%
lames
60%
lose
60%
minions,
60%
Put
60%
revenge
60%
shit
60%
sleep
60%
these
60%
billion,
40%
bitches
40%
face,
40%
Ho
40%
ho,
40%
is
40%
Mike
40%
Say
40%
bump
20%
diamonds,
20%
drill
20%
fold,
20%
goals
20%
Lowrey,
20%
makes
20%
name,
20%
peep
20%
Pressure
20%
she
20%
speaking
20%
up,
20%

Score Distribution

Percentile by Number Answered

Percent of People with Each Score

Your Score History

You have not taken this quiz